[Event "Oberliga Wuerttemberg 0001"]
[Site "Wuerttemberg"]
[Date "2000.11.12"]
[Round "2.1"]
[White "Lach, Bernhard"]
[Black "Darga, Klaus"]
[Result "1/2-1/2"]
[WhiteElo "2233"]
[BlackElo "2453"]
[PlyCount "25"]
[EventDate "2000.10.15"]
[EventType "team"]
[EventRounds "9"]
[EventCountry "GER"]
[SourceTitle "EXT 2002"]
[Source "ChessBase"]
[SourceDate "2001.11.25"]
[SourceVersion "1"]
[SourceVersionDate "2001.11.25"]
[SourceQuality "1"]

1. e4 c5 2. a3 g6 3. Nc3 Bg7 4. Bc4 Nc6 5. Nge2 e6 6. 0-0 Nge7 7. Ba2 b6 8. d3 Bb7 9. Be3 0-0 10. d4 d5 11. exd5 exd5 12. Qd2 cxd4 13. Nxd4 1/2-1/2

[Event "BL2-Sued 9899"]
[Site "Germany"]
[Date "1999.01.10"]
[Round "4.2"]
[White "Darga, Klaus"]
[Black "Heidenfeld, Mark"]
[Result "1-0"]
[WhiteElo "2454"]
[BlackElo "2366"]
[PlyCount "84"]
[EventDate "1998.10.18"]
[EventType "team-tourn"]
[EventRounds "9"]
[EventCountry "GER"]
[SourceTitle "GER-chT2"]
[Source "ChessBase"]
[SourceDate "1999.07.01"]
[SourceVersion "1"]
[SourceVersionDate "1999.07.01"]
[SourceQuality "1"]
[WhiteTeam "Sindelfingen"]
[BlackTeam "Ulm"]
[WhiteTeamCountry "GER"]
[BlackTeamCountry "GER"]

1. d4 Nf6 2. c4 c6 3. Nc3 d6 4. e4 e5 5. Nf3 Nbd7 6. Be2 Be7 7. 0-0 0-0 8. Re1 Re8 9. Bf1 Bf8 10. Rb1 a6 11. a3 Qc7 12. b4 b6 13. Bb2 g6 14. Qc2 Bg7 15. Rbd1 Qb8 16. h3 Ra7 17. Bc1 Qa8 18. Be3 Bf8 19. Nd2 Rc7 20. Nb3 a5 21. Ra1 Bb7 22. f3 Rcc8 23. Qf2 c5 24. dxc5 dxc5 25. bxa5 bxa5 26. a4 Qa7 27. Red1 Nb8 28. Rab1 Ba8 29. Nb5 Qb6 30. Rd5 Na6 31. Rbd1 Nxd5 32. cxd5 Bd6 33. Nd2 Qd8 34. Nc4 Bf8 35. Bd2 Nb4 36. Bc3 f6 37. Be2 Bb7 38. f4 Bg7 39. Nbd6 Ba6 40. Nxe8 Qxe8 41. Nd6 Qxa4 42. Nxc8 Qc2 1-0

[Event "BL2-Sued 9899"]
[Site "Germany"]
[Date "1998.11.22"]
[Round "2.2"]
[White "Darga, Klaus"]
[Black "Trachtmann, Mark"]
[Result "1/2-1/2"]
[WhiteElo "2450"]
[BlackElo "2280"]
[PlyCount "84"]
[EventDate "1998.10.18"]
[EventType "team-tourn"]
[EventRounds "9"]
[EventCountry "GER"]
[SourceTitle "GER-chT2"]
[Source "ChessBase"]
[SourceDate "1999.07.01"]
[SourceVersion "1"]
[SourceVersionDate "1999.07.01"]
[SourceQuality "1"]
[WhiteTeam "Sindelfingen"]
[BlackTeam "Schmiden Cannstatt"]
[WhiteTeamCountry "GER"]
[BlackTeamCountry "GER"]

1. c4 g6 2. d4 Bg7 3. e4 d6 4. Nc3 Nc6 5. Nge2 e5 6. Be3 f5 7. d5 Nce7 8. f3 Nf6 9. Nc1 fxe4 10. fxe4 Ng4 11. Bd2 0-0 12. Nd3 Bh6 13. Bxh6 Nxh6 14. Be2 Kg7 15. Qd2 Neg8 16. Nf2 Qf6 17. 0-0 Bd7 18. a4 a6 19. a5 Qf4 20. Qxf4 exf4 21. Nd3 g5 22. h4 gxh4 23. Nxf4 Nf6 24. Ra3 Nf7 25. Rb3 Rab8 26. Nd3 h3 27. gxh3 Bxh3 28. Rf3 Bg4 29. Rg3 Kh8 30. Bxg4 Rg8 31. c5 Nxg4 32. c6 Nge5 33. Nxe5 Nxe5 34. Kh2 bxc6 35. Rxg8+ Rxg8 36. Rb7 Rc8 37. b4 Kg7 38. dxc6 Nxc6 39. Nd5 Kh6 40. Nxc7 Nxb4 41. Rxb4 Rxc7 42. Rb6 Kg5 1/2-1/2

[Event "BL2-Sued 9798"]
[Site "Germany"]
[Date "1998.??.??"]
[Round "?.4"]
[White "Darga, Klaus"]
[Black "Arnold, Lothar"]
[Result "1-0"]
[WhiteElo "2450"]
[BlackElo "2350"]
[PlyCount "80"]
[EventDate "1997.10.??"]
[EventType "team-tourn"]
[EventRounds "9"]
[EventCountry "GER"]
[SourceTitle "EXT 1999"]
[Source "ChessBase"]
[SourceDate "1998.11.16"]
[SourceVersion "1"]
[SourceVersionDate "1998.11.16"]
[SourceQuality "1"]
[WhiteTeam "Sindelfingen"]
[BlackTeam "Eppingen"]
[WhiteTeamCountry "GER"]
[BlackTeamCountry "GER"]

1. c4 e5 2. Nc3 Nf6 3. Nf3 Nc6 4. a3 d5 5. cxd5 Nxd5 6. Qc2 Be7 7. e3 a6 8. Be2 0-0 9. 0-0 Nxc3 10. bxc3 Be6 11. d4 exd4 12. cxd4 Na5 13. Bb2 b5 14. Ne5 f6 15. Nd3 Nc4 16. Nf4 Bf7 17. Bd3 Nxb2 18. Qxb2 g6 19. Bc2 Bd6 20. Nd3 Kg7 21. Bb3 Bc4 22. Bxc4 bxc4 23. Ne1 c5 24. Nf3 Qe7 25. d5 Qe4 26. Qb7+ Kg8 27. Rac1 a5 28. Rfd1 Rad8 29. Nd2 Qe5 30. g3 Rb8 31. Qa6 Qe7 32. Nxc4 Rfd8 33. Nxd6 Rxd6 34. Qxa5 Qe5 35. Qxc5 Rbd8 36. Rd4 h5 37. Qc7 R8d7 38. Qb8+ Kg7 39. Rc8 Qe7 40. Rg8+ Kh6 1-0

[Event "GER-chT Seniors 07th"]
[Site "Bad Wildbad"]
[Date "1998.??.??"]
[Round "3"]
[White "Darga, Klaus"]
[Black "Krueger, Erich"]
[Result "0-1"]
[WhiteElo "2465"]
[BlackElo "2194"]
[PlyCount "68"]
[EventDate "1998.10.04"]
[EventType "team-swiss"]
[EventRounds "7"]
[EventCountry "GER"]
[SourceTitle "EXT 2022"]
[Source "ChessBase"]
[SourceDate "2021.10.06"]
[SourceVersion "1"]
[SourceVersionDate "2021.10.06"]
[SourceQuality "1"]

1. Nf3 Nf6 2. c4 g6 3. Nc3 Bg7 4. d4 0-0 5. e4 d6 6. Be2 e5 7. 0-0 Na6 8. Re1 c6 9. d5 cxd5 10. cxd5 Nc5 11. Bf1 a5 12. Nd2 Ne8 13. Nc4 f5 14. exf5 gxf5 15. Be3 b6 16. f4 e4 17. Nb5 Bd7 18. Nd4 Nf6 19. Ne6 Bxe6 20. dxe6 d5 21. e7 Qxe7 22. Nxb6 Rad8 23. Rc1 Ne6 24. Rc6 Ng4 25. Kh1 Kh8 26. Bg1 Nxf4 27. g3 Ne5 28. Rc2 Nfd3 29. Ree2 d4 30. Nc4 Nb4 31. Bxd4 Nxc2 32. Rxc2 Nxc4 33. Rxc4 e3 34. Bxg7+ Qxg7 0-1

[Event "GER-chT Seniors 07th"]
[Site "Bad Wildbad"]
[Date "1998.??.??"]
[Round "7"]
[White "Jugow, Alexander"]
[Black "Darga, Klaus"]
[Result "1/2-1/2"]
[WhiteElo "2265"]
[BlackElo "2465"]
[PlyCount "140"]
[EventDate "1998.10.04"]
[EventType "team-swiss"]
[EventRounds "7"]
[EventCountry "GER"]
[SourceTitle "EXT 2022"]
[Source "ChessBase"]
[SourceDate "2021.10.06"]
[SourceVersion "1"]
[SourceVersionDate "2021.10.06"]
[SourceQuality "1"]

1. d4 Nf6 2. c4 e6 3. Nc3 Bb4 4. a3 Bxc3+ 5. bxc3 c5 6. e3 b6 7. Bd3 Bb7 8. f3 Nc6 9. Ne2 Na5 10. e4 d6 11. Bg5 h6 12. Bh4 g5 13. Bf2 Qe7 14. Rb1 Nd7 15. 0-0 0-0-0 16. Nc1 Nb8 17. d5 Ba6 18. Qe2 Qd7 19. Bg3 e5 20. Nb3 Nxb3 21. Rxb3 Qa4 22. Rfb1 Nd7 23. Be1 Kc7 24. Bd2 Rc8 25. Bc1 Kb8 26. R3b2 Ka8 27. Bc2 Qxc4 28. Qxc4 Bxc4 29. Ba4 Nb8 30. Bb5 Bxb5 31. Rxb5 Nd7 32. c4 Kb7 33. a4 Kc7 34. Bd2 Rb8 35. R5b3 f6 36. Kf2 Rbf8 37. g4 h5 38. Kg2 Rf7 39. h3 Rfh7 40. Ra1 Rb8 41. Rab1 Rhh8 42. Be1 Nf8 43. Bd2 Ng6 44. R1b2 hxg4 45. fxg4 Nf4+ 46. Bxf4 exf4 47. Ra2 Rbe8 48. a5 Rb8 49. axb6+ axb6 50. Rab2 Rb7 51. Rb1 Ra8 52. h4 gxh4 53. Kf3 Ra4 54. Rc1 Rb8 55. Kxf4 Rh8 56. Rh3 b5 57. cxb5 Kb6 58. Kf5 Re8 59. Re1 Re5+ 60. Kxf6 Raxe4 61. Rxe4 Rxe4 62. g5 c4 63. g6 Kxb5 64. g7 Rg4 65. Rxh4 Rg1 66. Rh8 Kc5 67. g8Q Rxg8 68. Rxg8 Kxd5 69. Rg5+ Kd4 70. Ke6 c3 1/2-1/2

[Event "Wch Seniors 07th"]
[Site "Bad Wildbad"]
[Date "1997.??.??"]
[Round "6"]
[White "Chernikov, Oleg L"]
[Black "Darga, Klaus"]
[Result "0-1"]
[WhiteElo "2385"]
[BlackElo "2450"]
[PlyCount "134"]
[EventDate "1997.11.13"]
[EventType "swiss"]
[EventRounds "11"]
[EventCountry "GER"]
[SourceTitle "EXT 1999"]
[Source "ChessBase"]
[SourceDate "1998.11.16"]
[SourceVersion "1"]
[SourceVersionDate "1998.11.16"]
[SourceQuality "1"]

1. Nf3 Nf6 2. g3 d5 3. c4 c6 4. b3 dxc4 5. bxc4 e5 6. Bb2 e4 7. Nd4 Bd6 8. Qc2 0-0 9. Bg2 Re8 10. 0-0 Na6 11. Nc3 Be5 12. Nb3 Bf5 13. Nd1 Qd7 14. Bxe5 Rxe5 15. Qc3 Rae8 16. Qd4 Qc8 17. f4 exf3 18. exf3 Nb4 19. Ne3 c5 20. Qc3 Bd3 21. Rf2 Bg6 22. f4 Ne4 23. Bxe4 Rxe4 24. a3 Na6 25. f5 Rxe3 26. dxe3 Bxf5 27. Raf1 Bg6 28. Nd2 Nb8 29. Nf3 Nc6 30. Rd2 b6 31. Rd6 h6 32. Qd2 Be4 33. Qf2 Qc7 34. Rdd1 Qe7 35. Rd2 Qe6 36. Nh4 Ne5 37. Qf4 Nxc4 38. Rdf2 f6 39. Nf3 Bc6 40. Qc7 Bxf3 41. Rxf3 Nd2 42. Qxa7 Qc6 43. R3f2 Nxf1 44. Rxf1 Rxe3 45. Qb8+ Kh7 46. Qf4 Qe4 47. Qxe4+ Rxe4 48. Rd1 b5 49. Rd5 Re5 50. Rd7 Re3 51. Rb7 Rb3 52. Rc7 Rxa3 53. Rxc5 Rb3 54. Kg2 Kg6 55. g4 b4 56. Rb5 Rb2+ 57. Kg3 b3 58. h4 Rb1 59. Kg2 Kf7 60. Rb7+ Ke6 61. Rxg7 Rd1 62. Rb7 Rd3 63. Kf2 Kd5 64. Ke2 Rg3 65. Kd2 Kc4 66. Rg7 Rg1 67. Rc7+ Kb4 0-1

[Event "BL2-Sued 9798"]
[Site "Germany"]
[Date "1997.??.??"]
[Round "?.4"]
[White "Darga, Klaus"]
[Black "Riedel, Wolfgang"]
[Result "1/2-1/2"]
[WhiteElo "2450"]
[BlackElo "2355"]
[PlyCount "81"]
[EventDate "1997.10.??"]
[EventType "team-tourn"]
[EventRounds "9"]
[EventCountry "GER"]
[SourceTitle "EXT 1999"]
[Source "ChessBase"]
[SourceDate "1998.11.16"]
[SourceVersion "1"]
[SourceVersionDate "1998.11.16"]
[SourceQuality "1"]
[WhiteTeam "Sindelfingen"]
[BlackTeam "Muenchen 36"]
[WhiteTeamCountry "GER"]
[BlackTeamCountry "GER"]

1. Nf3 g6 2. d4 Nf6 3. c4 Bg7 4. Nc3 d6 5. e3 0-0 6. Be2 Nfd7 7. 0-0 e5 8. b3 Nc6 9. Bb2 h6 10. Qd2 f5 11. Rad1 e4 12. Ne1 Nf6 13. f3 exf3 14. Bxf3 g5 15. g3 Re8 16. Nc2 Bd7 17. Rde1 Ne4 18. Nxe4 fxe4 19. Bh5 Re7 20. Qg2 Be8 21. Bg4 Bd7 22. Bh5 Be8 23. Bg4 Bd7 24. Bf5 Bxf5 25. Rxf5 Qe8 26. Ref1 Qg6 27. g4 Rae8 28. Bc3 Nd8 29. Qd2 c6 30. b4 b6 31. Qe2 Rf7 32. Rxf7 Nxf7 33. Be1 Qe6 34. Bg3 d5 35. c5 b5 36. Na1 Re7 37. Nb3 Nd8 38. Na5 Nb7 39. Nb3 Rf7 40. Rxf7 Kxf7 41. Kg2 1/2-1/2

[Event "BL2-Sued 9495"]
[Site "Germany"]
[Date "1995.??.??"]
[Round "7.3"]
[White "Darga, Klaus"]
[Black "Wohlfahrt, Herbert J"]
[Result "1-0"]
[WhiteElo "2455"]
[BlackElo "2270"]
[PlyCount "111"]
[EventDate "1994.10.??"]
[EventType "team-tourn"]
[EventRounds "9"]
[EventCountry "GER"]
[SourceTitle "GER-chT2"]
[Source "ChessBase"]
[SourceDate "1999.07.01"]
[SourceVersion "1"]
[SourceVersionDate "1999.07.01"]
[SourceQuality "1"]
[WhiteTeam "Sindelfingen"]
[BlackTeam "Wuerzburg"]
[WhiteTeamCountry "GER"]
[BlackTeamCountry "GER"]

1. c4 Nf6 2. Nc3 e5 3. Nf3 Nc6 4. a3 g6 5. g3 Bg7 6. Bg2 d6 7. 0-0 0-0 8. d4 exd4 9. Nxd4 Nxd4 10. Qxd4 Ng4 11. Qd2 f5 12. Qc2 Ne5 13. c5 c6 14. cxd6 Qxd6 15. Bf4 Qe7 16. Na4 Be6 17. Nc5 Bf7 18. Rad1 Rad8 19. b4 Kh8 20. Bc1 Bd5 21. Bxd5 cxd5 22. Nd3 Nxd3 23. Rxd3 d4 24. Rfd1 Rc8 25. Qd2 Rfe8 26. Kf1 Rc4 27. Bb2 Qe4 28. f3 Qc6 29. Bxd4 Bxd4 30. Rxd4 Rc2 31. Qd3 Rc3 32. Qd2 Rc2 33. Qe1 Re3 34. R4d3 Rxd3 35. Rxd3 Rc1 36. Rd1 Rxd1 37. Qxd1 Qc3 38. Qd3 Qc1+ 39. Kf2 Qh1 40. Qd4+ Kg8 41. Qd5+ Kf8 42. Qd6+ Kg8 43. h4 Qh2+ 44. Ke3 Qg1+ 45. Kf4 Qc1+ 46. e3 Qxa3 47. Qb8+ Kf7 48. Qxb7+ Kg8 49. Qd5+ Kg7 50. Qa5 Qd3 51. Qxa7+ Kh6 52. Qc5 Kh5 53. b5 g5+ 54. hxg5 h6 55. gxh6 Qd6+ 56. Qe5 1-0

[Event "Bundesliga 9091"]
[Site "Germany"]
[Date "1991.??.??"]
[Round "?.1"]
[White "Dizdar, Goran"]
[Black "Darga, Klaus"]
[Result "1/2-1/2"]
[WhiteElo "2535"]
[BlackElo "2455"]
[PlyCount "30"]
[EventDate "1990.10.06"]
[EventType "team-tourn"]
[EventRounds "15"]
[EventCountry "GER"]
[SourceTitle "GER-chT"]
[Source "ChessBase"]
[SourceDate "1999.07.01"]
[SourceVersion "1"]
[SourceVersionDate "1999.07.01"]
[SourceQuality "1"]
[WhiteTeam "Koblenz"]
[BlackTeam "Sindelfingen"]
[WhiteTeamCountry "GER"]
[BlackTeamCountry "GER"]

1. d4 d5 2. c4 e6 3. Nf3 Nf6 4. Nc3 Be7 5. cxd5 exd5 6. Bg5 c6 7. Qc2 g6 8. e4 dxe4 9. Bxf6 Bxf6 10. Qxe4+ Qe7 11. Bc4 0-0 12. Qxe7 Bxe7 13. 0-0 Nd7 14. Rfe1 Bd8 15. Bb3 Kg7 1/2-1/2

[Event "Bundesliga 8990"]
[Site "Germany"]
[Date "1990.??.??"]
[Round "?.1"]
[White "Darga, Klaus"]
[Black "Zude, Arno"]
[Result "0-1"]
[WhiteElo "2470"]
[BlackElo "2325"]
[PlyCount "66"]
[EventDate "1989.10.??"]
[EventType "team-tourn"]
[EventRounds "15"]
[EventCountry "GER"]
[SourceTitle "GER-chT"]
[Source "ChessBase"]
[SourceDate "1999.07.01"]
[SourceVersion "1"]
[SourceVersionDate "1999.07.01"]
[SourceQuality "1"]
[WhiteTeam "Sindelfingen"]
[BlackTeam "Hofheim"]
[WhiteTeamCountry "GER"]
[BlackTeamCountry "GER"]

1. d4 Nf6 2. c4 e6 3. Nf3 b6 4. Nc3 Bb7 5. a3 d5 6. cxd5 Nxd5 7. e3 Be7 8. Bb5+ c6 9. Bd3 0-0 10. 0-0 c5 11. Nxd5 Qxd5 12. e4 Qd7 13. Be3 Rd8 14. Ne5 Qe8 15. dxc5 Bf6 16. Nc4 bxc5 17. Bxc5 Na6 18. Nd6 Qc6 19. Nxb7 Qxb7 20. Be3 Qxb2 21. Rb1 Qxa3 22. Rb3 Qd6 23. Qh5 Rab8 24. e5 Qxe5 25. Qxh7+ Kf8 26. Rxb8 Nxb8 27. Rc1 Nd7 28. h4 a5 29. g4 Qb2 30. Rc7 Bd4 31. Qe4 Nf6 32. Rxf7+ Kxf7 33. Qg6+ Kf8 0-1

[Event "Bundesliga 8990"]
[Site "Germany"]
[Date "1990.??.??"]
[Round "?.1"]
[White "Ostl, Andreas"]
[Black "Darga, Klaus"]
[Result "1/2-1/2"]
[WhiteElo "2335"]
[BlackElo "2470"]
[PlyCount "56"]
[EventDate "1989.10.??"]
[EventType "team-tourn"]
[EventRounds "15"]
[EventCountry "GER"]
[SourceTitle "GER-chT"]
[Source "ChessBase"]
[SourceDate "1999.07.01"]
[SourceVersion "1"]
[SourceVersionDate "1999.07.01"]
[SourceQuality "1"]
[WhiteTeam "Heidelberg"]
[BlackTeam "Sindelfingen"]
[WhiteTeamCountry "GER"]
[BlackTeamCountry "GER"]

1. Nf3 Nf6 2. d4 e6 3. Bf4 b6 4. e3 Bb7 5. h3 Be7 6. Nbd2 0-0 7. Bd3 c5 8. c3 d5 9. 0-0 Nbd7 10. Qe2 Ne4 11. Ne5 Nxe5 12. dxe5 Nxd2 13. Qxd2 f5 14. exf6 Bxf6 15. Qc2 h6 16. c4 e5 17. Bh7+ Kh8 18. Bh2 e4 19. Bg6 Qe7 20. cxd5 Bxd5 21. Rad1 Rad8 22. Rd2 Qe6 23. Rfd1 Be7 24. Bc7 Rd7 25. Bf4 Rfd8 26. Bh5 Bc6 27. b3 Rxd2 28. Rxd2 Rxd2 1/2-1/2

[Event "Bundesliga 8990"]
[Site "Germany"]
[Date "1989.??.??"]
[Round "?.1"]
[White "Darga, Klaus"]
[Black "Garcia Palermo, Carlos H"]
[Result "1/2-1/2"]
[WhiteElo "2470"]
[BlackElo "2465"]
[PlyCount "43"]
[EventDate "1989.10.??"]
[EventType "team-tourn"]
[EventRounds "15"]
[EventCountry "GER"]
[SourceTitle "GER-chT"]
[Source "ChessBase"]
[SourceDate "1999.07.01"]
[SourceVersion "1"]
[SourceVersionDate "1999.07.01"]
[SourceQuality "1"]
[WhiteTeam "Sindelfingen"]
[BlackTeam "Koblenz"]
[WhiteTeamCountry "GER"]
[BlackTeamCountry "GER"]

1. Nf3 d5 2. c4 dxc4 3. e3 e6 4. Bxc4 Nf6 5. 0-0 c5 6. d4 a6 7. a4 Nc6 8. Qe2 cxd4 9. Rd1 Be7 10. exd4 0-0 11. Nc3 Nd5 12. Bd3 Ncb4 13. Bb1 b6 14. Ne5 Bb7 15. Be4 Rc8 16. Bd2 a5 17. Rac1 Ba6 18. Qf3 Nf6 19. Bb1 Nfd5 20. Be4 Nf6 21. Bb1 Nfd5 22. Be4 1/2-1/2

[Event "Bundesliga 8788"]
[Site "Germany"]
[Date "1988.??.??"]
[Round "?.1"]
[White "Darga, Klaus"]
[Black "Gutman, Lev"]
[Result "1/2-1/2"]
[WhiteElo "2470"]
[BlackElo "2465"]
[PlyCount "52"]
[EventDate "1987.10.??"]
[EventType "team-tourn"]
[EventRounds "15"]
[EventCountry "GER"]
[SourceTitle "GER-chT"]
[Source "ChessBase"]
[SourceDate "1999.07.01"]
[SourceVersion "1"]
[SourceVersionDate "1999.07.01"]
[SourceQuality "1"]
[WhiteTeam "Sindelfingen"]
[BlackTeam "Koblenz"]
[WhiteTeamCountry "GER"]
[BlackTeamCountry "GER"]

1. c4 Nf6 2. d4 g6 3. Nf3 Bg7 4. g3 0-0 5. Bg2 d5 6. cxd5 Nxd5 7. 0-0 c6 8. Nc3 Nxc3 9. bxc3 Qa5 10. Qb3 Nd7 11. e4 Nb6 12. Bg5 Be6 13. Qb4 Qxb4 14. cxb4 f6 15. Bd2 Rfd8 16. a4 Bg4 17. Be3 Nc4 18. h3 Bd7 19. Bc1 a5 20. bxa5 Rxa5 21. Nd2 Be6 22. d5 Nxd2 23. Bxd2 Raa8 24. Bb4 cxd5 25. Bxe7 Rd7 26. exd5 Bxd5 1/2-1/2

[Event "Bundesliga 8889"]
[Site "Germany"]
[Date "1988.??.??"]
[Round "?.1"]
[White "Garcia Palermo, Carlos H"]
[Black "Darga, Klaus"]
[Result "0-1"]
[WhiteElo "2455"]
[BlackElo "2470"]
[PlyCount "40"]
[EventDate "1988.10.??"]
[EventType "team-tourn"]
[EventRounds "15"]
[EventCountry "GER"]
[SourceTitle "GER-chT"]
[Source "ChessBase"]
[SourceDate "1999.07.01"]
[SourceVersion "1"]
[SourceVersionDate "1999.07.01"]
[SourceQuality "1"]
[WhiteTeam "Koblenz"]
[BlackTeam "Sindelfingen"]
[WhiteTeamCountry "GER"]
[BlackTeamCountry "GER"]

1. d4 Nf6 2. c4 e6 3. Nf3 b6 4. g3 Ba6 5. b3 Bb7 6. Bg2 Bb4+ 7. Bd2 Be7 8. Nc3 0-0 9. 0-0 c6 10. Qc2 d5 11. Rad1 Nbd7 12. e4 Ba6 13. exd5 cxd5 14. Ne5 Rc8 15. Rfe1 Nb8 16. Qd3 Nfd7 17. Nb5 Nxe5 18. dxe5 dxc4 19. Qxd8 Rfxd8 20. Nxa7 Rc7 0-1

[Event "Bundesliga 8788"]
[Site "Germany"]
[Date "1987.??.??"]
[Round "?.1"]
[White "Darga, Klaus"]
[Black "Davies, Nigel Rodney"]
[Result "1/2-1/2"]
[WhiteElo "2470"]
[BlackElo "2460"]
[PlyCount "29"]
[EventDate "1987.10.??"]
[EventType "team-tourn"]
[EventRounds "15"]
[EventCountry "GER"]
[SourceTitle "GER-chT"]
[Source "ChessBase"]
[SourceDate "1999.07.01"]
[SourceVersion "1"]
[SourceVersionDate "1999.07.01"]
[SourceQuality "1"]
[WhiteTeam "Sindelfingen"]
[BlackTeam "Kreuzberg"]
[WhiteTeamCountry "GER"]
[BlackTeamCountry "GER"]

1. d4 d6 2. e4 g6 3. Nc3 Bg7 4. Be3 a6 5. a4 Nf6 6. h3 0-0 7. Nf3 Nc6 8. Be2 e5 9. dxe5 dxe5 10. 0-0 Be6 11. Ng5 Nd4 12. Nxe6 Nxe6 13. Bc4 Nd4 14. Bg5 h6 15. Bxf6 1/2-1/2

[Event "Bundesliga 1985/86"]
[Site "Germany"]
[Date "1986.02.23"]
[Round "11.1"]
[White "Pritchett, Craig William"]
[Black "Darga, Klaus"]
[Result "1/2-1/2"]
[WhiteElo "2400"]
[BlackElo "2470"]
[PlyCount "49"]
[EventDate "1985.11.09"]
[EventType "team-tourn"]
[EventRounds "15"]
[EventCountry "GER"]
[SourceTitle "GER-chT"]
[Source "ChessBase"]
[SourceDate "1999.07.01"]
[SourceVersion "1"]
[SourceVersionDate "1999.07.01"]
[SourceQuality "1"]
[WhiteTeam "Zehlendorf"]
[BlackTeam "Sindelfingen"]
[WhiteTeamCountry "GER"]
[BlackTeamCountry "GER"]

1. e4 e5 2. Nf3 Nc6 3. Bb5 g6 4. 0-0 Bg7 5. Re1 Nge7 6. c3 a6 7. Ba4 0-0 8. d4 d6 9. h3 Bd7 10. dxe5 dxe5 11. Be3 b6 12. Nbd2 Qe8 13. Nf1 Rd8 14. Qe2 Nb8 15. Bxd7 Qxd7 16. Red1 Qc6 17. Ng3 Nc8 18. Qc2 Nd6 19. Bg5 Rd7 20. a4 a5 21. b3 Na6 22. Be3 Re8 23. Rd2 Red8 24. Rad1 Nb7 25. Rxd7 1/2-1/2

[Event "Bundesliga 1981/82"]
[Site "Germany"]
[Date "1982.02.06"]
[Round "6.1"]
[White "Darga, Klaus"]
[Black "Hort, Vlastimil"]
[Result "0-1"]
[WhiteElo "2495"]
[BlackElo "2590"]
[PlyCount "88"]
[EventDate "1981.10.11"]
[EventType "team-tourn"]
[EventRounds "15"]
[EventCountry "GER"]
[SourceTitle "GER-chT"]
[Source "ChessBase"]
[SourceDate "1999.07.01"]
[SourceVersion "1"]
[SourceVersionDate "1999.07.01"]
[SourceQuality "1"]
[WhiteTeam "Sindelfingen"]
[BlackTeam "Koeln Porz"]
[WhiteTeamCountry "GER"]
[BlackTeamCountry "GER"]

1. d4 Nf6 2. c4 g6 3. Nc3 d5 4. Nf3 Bg7 5. e3 0-0 6. Be2 c5 7. 0-0 cxd4 8. exd4 Nc6 9. Be3 dxc4 10. d5 Na5 11. Qd2 b6 12. Rad1 Bg4 13. h3 Bf5 14. Bh6 Rc8 15. Bxg7 Kxg7 16. Qd4 h6 17. Ne5 Rc5 18. g4 Bc8 19. f4 Kh7 20. g5 Ng8 21. f5 Bxf5 22. Rxf5 gxf5 23. Bh5 f6 24. Bg6+ Kh8 25. Nf7+ Rxf7 26. Bxf7 hxg5 27. Be6 Nh6 28. h4 Qd6 29. Kg2 g4 30. Rf1 Qe5 31. Qxe5 fxe5 32. Bxf5 Nb7 33. Be6 Nd6 34. Re1 Nhf7 35. Rf1 Kg7 36. Rf2 b5 37. Ne4 Nxe4 38. Rxf7+ Kg6 39. Rxe7 c3 40. bxc3 Rxc3 41. Rxa7 Rc2+ 42. Kg1 g3 43. d6 Nxd6 44. Ra6 Rd2 0-1

[Event "Bundesliga 1981/82"]
[Site "Germany"]
[Date "1981.11.07"]
[Round "2.1"]
[White "Darga, Klaus"]
[Black "Hartmann, Wolfram"]
[Result "1/2-1/2"]
[WhiteElo "2495"]
[BlackElo "2240"]
[PlyCount "46"]
[EventDate "1981.10.11"]
[EventType "team-tourn"]
[EventRounds "15"]
[EventCountry "GER"]
[SourceTitle "GER-chT"]
[Source "ChessBase"]
[SourceDate "1999.07.01"]
[SourceVersion "1"]
[SourceVersionDate "1999.07.01"]
[SourceQuality "1"]
[WhiteTeam "Sindelfingen"]
[BlackTeam "Bamberg"]
[WhiteTeamCountry "GER"]
[BlackTeamCountry "GER"]

1. c4 c5 2. Nf3 g6 3. d4 Bg7 4. e4 Qa5+ 5. Bd2 Qb6 6. Nc3 cxd4 7. Nd5 Qd8 8. Bf4 d6 9. Nxd4 Nf6 10. Nxf6+ Bxf6 11. Be3 Qa5+ 12. Qd2 Qxd2+ 13. Kxd2 Nc6 14. Nb5 0-0 15. Rb1 b6 16. Be2 Bb7 17. Rhd1 Rfd8 18. Ke1 Nb4 19. f3 Nc2+ 20. Kd2 Nxe3 21. Kxe3 Bg5+ 22. f4 Bh6 23. g3 Bc6 1/2-1/2